000 00241nam a2200121Ia 4500
100 _aNiit
490 _vII
942 _cRB
654 _a'C' Programming
245 _a''''C'''' Programming
260 _bTime-life books
546 _aENGLISH
999 _c25544
_d25544